Bottom-Line Organization Development : Implementing and Evaluating Strategic Change for Lasting Value /

保存先:
書誌詳細
第一著者: Anderson, Merril C. (autor)
フォーマット: 図書
言語:英語
出版事項: Burlington, EUA : Elsevier, 2003, c2003
シリーズ:(Improving Human Performance)
主題:
タグ: タグ追加
タグなし, このレコードへの初めてのタグを付けませんか!

MARC

LEADER 00000nam^a2200000^a^4500
001 000182907
005 20250521000000.0
009 20260310102024.211
020 |a 0-7506-7485-7 
037 |a Acervo ITESO - Biblioteca 
041 |a ING 
082 |a 658. 402  |b AND 
100 |a Anderson, Merril C.  |e (autor) 
245 1 0 |a Bottom-Line Organization Development :  |b Implementing and Evaluating Strategic Change for Lasting Value /  |c M.C. Anderson. 
264 4 |a Burlington, EUA :  |b Elsevier,  |c 2003, c2003 
300 |a XVII, 234 p. 
336 |a texto  |b txt  |2 rdacontenido 
337 |a sin mediación  |b n  |2 rdamedio 
338 |a volumen  |b nc  |2 rdasoporte 
440 1 |a (Improving Human Performance) 
649 |a XX 
650 |a Información -  |x Administración 
650 |a Conocimiento -  |x Administración 
650 |a Cambio Organizacional 
650 |a Comportamiento Organizacional 
650 |a Cambios Sociales y Culturales 
650 |a Evaluación del Desempeño 
650 |a Relaciones Laborales 
650 |a Interacción Social 
650 |a Comunicación Organizacional 
650 |a Liderazgo 
650 |a Planeación Estratégica 
650 |a Toma de Decisiones -  |x Análisis de Información 
650 |a Investigación de Mercado 
650 |a Solución de Problemas 
650 |a Toma de Decisiones 
650 |a Proceso Administrativo -  |x Dirección 
650 |a Empresas -  |x Administración 
910 |a Fondo General 
920 |a Impresos - Libros 
930 |a Colección General 
905 |a 101 
901 |a 0500123113  |b IT1  |c ACC  |u 20250521 
902 |a https://opac.biblio.iteso.mx/vufind/Record/000182907